-
CHRISTIAN GARY D AND PURNENDE K & SCHUGE ,KEVINA
Entry Personal Name
Number of records used in: 1
001 - CONTROL NUMBER
003 - CONTROL NUMBER IDENTIFIER
005 - DATE AND TIME OF LATEST TRANSACTION
- control field:
20210301122204.0
008 - FIXED-LENGTH DATA ELEMENTS
- fixed length control field:
210301|| aca||aabn | a|a d
040 ## - CATALOGING SOURCE
- Original cataloging agency:
OSt
- Transcribing agency:
OSt
100 ## - HEADING--PERSONAL NAME
- Personal name:
CHRISTIAN GARY D AND PURNENDE K & SCHUGE ,KEVINA
670 ## - SOURCE DATA FOUND
- Source citation:
Work cat.: (OSt): CHRISTIAN GARY D AND PURNENDE K & SCHUGE ,KEVINA, ANALYTICAL CHEMISTRY : AN INDIAN ADAPTATION, 2020